000 00444nam a2200157Ia 4500
999 _c19479
_d19479
003 OSt
005 20200703103136.0
008 190216s9999||||xx |||||||||||||| ||und||
040 _coclc
082 _a942.05
_bELT/E
100 _aElton, G R
_93489
245 0 _aEngland Under The Tudors /
_cG R Elton
260 _bSurjeet Publishing,
_c1981.
_aDelhi:
300 _a522p
942 _cBK
_2ddc
_h942.05
_iELT/E
_k942.05
_mELT/E